Integrating information [and] communications technologies into the classroom

Αποθηκεύτηκε σε:
Λεπτομέρειες βιβλιογραφικής εγγραφής
Κύριος συγγραφέας: Tomei, Lawrence A.
Μορφή: Βιβλίο
Γλώσσα:English
Δημοσίευση: Hershey ; London : Information Science, [2007]
Θέματα:
Ετικέτες: Προσθήκη ετικέτας
Δεν υπάρχουν, Καταχωρήστε ετικέτα πρώτοι!

MARC

LEADER 00000nam a2200000 i 4500
001 1/80025
008 080402s2007 eng d
020 |a 1-59904-258-4 (hbk.) 
035 |l 10096109 
040 |a GR-MY-UA  |b gre  |e aacr 
041 0 |a eng 
082 0 |a 371.33  |2 (22) 
100 1 |a Tomei, Lawrence A. 
245 1 0 |a Integrating information [and] communications technologies into the classroom /  |c Lawrence Tomei 
260 |a Hershey ; London :   |b Information Science,   |c [2007] 
300 |a xii, 360 σ.;  |b πίν.;  |c 26 εκ. 
504 |a Περιλαμβάνει βιβλιογραφίες και ευρετήριο 
650 0 0 |a Educational technology. 
650 0 0 |a Information technology. 
852 |a INST  |b RHODES  |e 20080402  |h 371.33 TOM  |p 005400029520  |q 005400029520  |t BK  |y 0 
901 |a BIBL4-2008-1 
909 |a Ρ  |b 151616 
922 |a 4ΕΛΗ  |b 200803  |c ΕΠΕΑΕΚ2/ΤΕΠΑΕΣ  |d ΠΑΠΑΣΩΤΗΡΙΟΥ 
970 |a ΧΑΡΙΟΠΟΛΙΤΟΥ  |b ΚΩΝΣΤΑΝΤΙΝΑ  |z 2008/04/02